Spotify - Top Monde 2024 (Artistes, Titres et Albums) - Statistiques

Statistiques générales
  • Ce quiz a été pris 564 fois
  • Le résultat moyen est 11 sur 30
Statistiques - réponses
Top 10 des artistes % Correct
1 Taylor Swift
83%
6 Taylor Swift - 1989 (Taylor’s Version)
83%
8 Taylor Swift - Lover
83%
1 Taylor Swift - The Tortured Poets Department: The Anthology
83%
2 The Weeknd
77%
10 The Weeknd - Starboy
77%
4 Drake
63%
5 Billie Eilish
60%
2 Billie Eilish - HIT ME HARD AND SOFT
60%
3 Sabrina Carpenter - Short n’ Sweet
54%
9 Ariana Grande
51%
5 Ariana Grande - eternal sunshine
51%
3 Bad Bunny
38%
6 Travis Scott
35%
1 Espresso - Sabrina Carpenter
34%
8 Kanye West
25%
3 BIRDS OF A FEATHER - Billie Eilish
24%
10 Die With A Smile - Bruno Mars & Lady Gaga
19%
7 SZA - SOS
19%
9 Benson Boone - Fireworks & Rollerblades
12%
2 Beautiful Things - Benson Boone
10%
9 Cruel Summer - Taylor Swift
9%
4 Karol G - MAÑANA SERÁ BONITO
8%
7 Peso Pluma
5%
4 Gata Only - FlyyMenor & Cris Mj
4%
5 Lose Control - Teddy Swims
4%
7 Too Sweet - Hozier
4%
6 End of Beginning - Djo
3%
10 Feid
3%
8 One Of The Girls - The Weeknd (feat JENNIE & Lily Rose Deep)
3%
Aucun quiz correspondant
Distribution des résultats
% des personnes avec chaque résultat
Percentile par nombre de réponses
Votre historique - résultats
Vous n’avez pas pris ce quiz